000 005260000a22001570004500
003 macl
005 20171206125134.0
008 171206b xxu||||| |||| 00| 0 eng d
040 _cmacl
100 _aप्रकाश मनु, डॉ सुनीता
_969604
245 _aकहानियॉ नानी की
260 _aदिल्‍ली
_bदेवलो‍क प्रकाशन
_c2011
350 _a200
650 _aचिल्‍ड्रर्न बुक
_967889
942 _cHIN
_k741.642
_2ddc
999 _c46695
_d46695